000
00322nam a22001457a 4500
003
OSt
005
20160727222357.0
008
160622b xxu||||| |||| 00| 0 eng d
040
_c
test
100
_9
553
_a
Volkenshtein, M, V
245
_a
Biophysics
260
_a
Moscow
_b
Mir
_c
1983
300
_a
Biophysics
942
_2
ddc
_c
BK
999
_c
463
_d
463